1393 1849 1143 1680 1922 1872 1852 1535 1824 1416 1514 1596 1062 1724 1027 1907 1487 1465 1051 1097 1320 1693 1699 1081 1357 1475 1296 1596 1243 1572 1072 1692 1233 1190 1301 1257 1258 1792 1177 1479 1372 1405 1025 1027 1320 1540 1076 1954 1387 1595 1432 1310 1803 1647 1976 1514 1080 1016 1920 1374 1642 1633 1144 1029 1731 1221 1477 1853 1633 1259 1627 1956 1691 1813 1015 1850 1100 1376 1069 1777 1029 1964 1529 1786 1316 1770 1817 1650 1698 1118 1649 1370 1451 1994 1150 1321 1769 1686 1100 BCNSPRNW ULIB Ver.6.0+V

เปลี่ยนเป็นภาษาไทย

Change to English
 แสดงรายละเอียดบรรณานุกรม
  กลับหน้าหลัก

Brief Record : Get Marc (ISO 2709) : E-mail record : QR code < ปิดหน้าต่าง
LEADER : 00000nam 2200000uu 4500
001    13399107937
003     ULIB
008    110210s2552||||th 000 0 tha d
020    9789740325574
060 04 WY157^bส839ก 2552
100 0  สุภาวดี เครือโชติกุล
245 10 การพยาบาลสูติศาสตร์ :^bภาวะแทรกซ้อนระหว่างตั้งครรภ์ =Nursing obstetrics complication during pregnancy /^cสุภาวดี เครือโชติกุล
246 31 Nursing obstetrics complication during pregnancy
250    พิมพ์ครั้งที่ 2
260    กรุงเทพฯ :^bสำนักพิมพ์แห่งจุฬาลงกรณ์มหาวิทยาลัย,^c2552
300    195 หน้า :^bภาพประกอบ ;^c26 ซม.
650  7 การคลอด
650  7 การพยาบาลสูติศาสตร์
650  7 ครรภ์
650  7 ภาวะแทรกซ้อนขณะตั้งครรภ์
945    ^p170^l0^i029011
945    ^p170^l0^i029010
945    ^p170^l0^i029008
945    ^p170^l0^i029007
945    ^p170^l0^i029006
945    ^p170^l0^i029005
945    ^p170^l0^i026555
945    ^p170^l0^i029009
945    ^p170^l0^i027555
995    ทศพร
999 ^a ใช้งานได้ทุกระบบ
รายการนี้ยังไม่มีแท็ก
คุณยังไม่ได้ล็อกอิน คุณสามารถมีกิจกรรมร่วมกับเว็บไซต์ได้ แต่ต้องล็อกอินก่อน ::
  ล็อกอิน

รายการสื่อสารสนเทศ

ลำดับที่ ประเภท เลขเรียก/บาร์โค้ด สถานที่ สถานะ
1. วิทยาศาสตร์การแพทย์ และสุขภาพ
วิทยาศาสตร์การแพทย์ และสุขภาพ
WY157 ส839ก 2552 ฉ.6 
  Barcode: 029008
ห้องสมุดวิทยาเขตสวรรค์ประชารักษ์
►ส่วนจัดเก็บหนังสือเก่า สปร
บนชั้น
  ขอยืม

รายการใกล้เคียง
    ผู้แต่ง [สุภาวดี เครือโชติกุล]

    หัวเรื่อง [การคลอด]
    หัวเรื่อง [การพยาบาลสูติศาสตร์]
    หัวเรื่อง [ครรภ์]
    หัวเรื่อง [ภาวะแทรกซ้อนขณะตั้งครรภ์]

BibComment


ยังไม่เคยถูกคอมเมนท์

คอมเมนท์ทรัพยากรรายการนี้
  คอมเมนท์: การพยาบาลสูติศาสต..


 Copyright 2026. Bcnsprnw @Library